000 00475nam a2200181Ia 4500
001 22274
005 20260414150820.0
008 260414t2015||||xx |||||||||||||| ||spa||
041 _aESP
082 _a621.3
_bT866
100 _aToptygin, Igor N.
_eAUT
245 0 _aElectromagnetic phenomena in matter :
_bstatistical and quantum approaches
260 _c2015
300 _axvii, 701 páginas :
_c24 cm.
650 _aTCA
654 _aCET
942 _cLIB
_dJUS
_fJUS
_2ddc
_n
999 _c22274
_d22274